000 00701nam a22002537a 4500
001 BR7326069
003 BR-BrBNA
005 20230928084346.0
007 ta
008 230509b bl.||||| |||| 00| 0 por d
040 _aBR-BrBNA
_bpor
_cBiblioteca Nacional de Agricultura
041 _a(Por)
072 _aF00
_b1410
_b2120
090 _ 1410 BR7326069
100 1 _aNeme, N.A.
245 1 _aCulturas acessorias na fazenda de cafe - feijao
260 3 _aSao Paulo, SP (Brasil):
_c1945.
300 _a7 p.
500 _aReprint of "Boletim da Superintendencia dos Servicos do Cafe" (1945)(220)
650 _aFEIJAO
650 _aCAFE
909 _a202309
_bLucia
_c55
_dLucia Elande
942 _cBK
999 _c18402
_d18402